[Event "Vojvodina op 11th"]
[Site "Novi Sad"]
[Date "2021.07.31"]
[Round "9"]
[White "Manojlovic, Mihailo"]
[Black "Pajcin, Lav"]
[Result "1-0"]
[WhiteElo "2019"]
[BlackElo "2170"]
[PlyCount "49"]
[EventDate "2021.07.25"]
[EventType "swiss"]
[EventRounds "9"]
[EventCountry "SRB"]
[SourceTitle "CBM 203 Extra"]
[Source "ChessBase"]
[SourceDate "2021.09.30"]
[SourceVersion "1"]
[SourceVersionDate "2021.09.30"]
[SourceQuality "1"]

1. e4 g6 2. d4 Bg7 3. Nf3 d6 4. Nc3 a6 5. Be3 b5 6. Bd3 Bb7 7. 0-0 Nd7 8. Qd2 e5 9. dxe5 dxe5 10. a4 c6 11. axb5 axb5 12. Nxb5 cxb5 13. Bxb5 Ne7 14. Rxa8 Bxa8 15. Qd6 Nc8 16. Qb8 Bxe4 17. Nxe5 Ncb6 18. Qd6 Qe7 19. Qb8+ Qd8 20. Qxd8+ Kxd8 21. Nxf7+ Kc7 22. Bf4+ Kb7 23. Nd6+ Kb8 24. Nxe4+ Ne5 25. Nc5 1-0

[Event "Titled Tuesday intern op 28th Apr"]
[Site "Chess.com INT"]
[Date "2020.04.28"]
[Round "7"]
[White "Manojlovic, Mihailo"]
[Black "Alsina Leal, Daniel"]
[Result "0-1"]
[WhiteElo "2019"]
[BlackElo "2484"]
[PlyCount "52"]
[EventDate "2020.04.28"]
[EventType "swiss (blitz)"]
[EventRounds "10"]
[EventCountry "USA"]
[SourceTitle "EXT 2021"]
[Source "ChessBase"]
[SourceDate "2020.10.23"]
[SourceVersion "1"]
[SourceVersionDate "2020.10.23"]
[SourceQuality "1"]

1. e4 c5 2. Nf3 d6 3. d4 cxd4 4. Nxd4 Nf6 5. Nc3 a6 6. Bg5 Nbd7 7. Qe2 g6 8. 0-0-0 Bg7 9. f4 0-0 10. e5 dxe5 11. fxe5 Qa5 12. Nf3 Ng4 13. Bxe7 Re8 14. Bd6 Ndxe5 15. Rd5 b5 16. Nxe5 Nxe5 17. Bxe5 Bb7 18. Qd2 Bxe5 19. Rd7 Bc6 20. Rd3 b4 21. Nb1 Qxa2 22. Rb3 Rad8 23. Bd3 a5 24. Re1 Ba4 25. Rxe5 Rxe5 26. Qf4 Re1+ 0-1

[Event "Bunratty Masters 27th"]
[Site "Bunratty"]
[Date "2020.02.21"]
[Round "1"]
[White "Manojlovic, Mihailo"]
[Black "Brady, Stephen"]
[Result "0-1"]
[WhiteElo "2024"]
[BlackElo "2288"]
[PlyCount "67"]
[EventDate "2020.02.21"]
[EventType "swiss"]
[EventRounds "6"]
[EventCountry "IRL"]
[SourceTitle "EXT 2023"]
[Source "ChessBase"]
[SourceDate "2022.10.05"]
[SourceVersion "1"]
[SourceVersionDate "2022.10.05"]
[SourceQuality "1"]

1. e4 d6 2. d4 Nf6 3. Nc3 g6 4. Bg5 c6 5. Qd2 b5 6. Bd3 Nbd7 7. f4 Bb7 8. Nf3 Qc7 9. 0-0 b4 10. Ne2 c5 11. Bxf6 Nxf6 12. Bb5+ Bc6 13. Bxc6+ Qxc6 14. d5 Qb6 15. Kh1 Nxe4 16. Qe3 f5 17. Ng3 c4 18. Qe2 Nxg3+ 19. hxg3 Bg7 20. Qe6 Bf6 21. Rfe1 Rf8 22. Rad1 Rf7 23. g4 fxg4 24. Ng5 Bxg5 25. fxg5 Qf2 26. Qxd6 Kf8 27. Qe5 Kg8 28. Qh2 g3 29. Qg1 Qf4 30. Qd4 Qxg5 31. Re4 Raf8 32. Kg1 Qh5 33. Rh4 Qe2 34. Rg4 0-1

[Event "Dublin Gonzaga Masters"]
[Site "Dublin"]
[Date "2020.01.26"]
[Round "4"]
[White "Manojlovic, Mihailo"]
[Black "Venkatesan, Kavin"]
[Result "0-1"]
[WhiteElo "2011"]
[BlackElo "1815"]
[PlyCount "58"]
[EventDate "2020.01.24"]
[EventType "swiss"]
[EventRounds "5"]
[EventCountry "IRL"]
[SourceTitle "CBM 194"]
[Source "ChessBase"]
[SourceDate "2020.02.29"]
[SourceVersion "1"]
[SourceVersionDate "2020.02.29"]
[SourceQuality "1"]

1. e4 c5 2. c3 d5 3. exd5 Nf6 4. d4 Nxd5 5. Nf3 e6 6. Bd3 cxd4 7. cxd4 Bb4+ 8. Nbd2 0-0 9. 0-0 Nc6 10. Nc4 a6 11. Qe2 Nce7 12. Bg5 f6 13. Qe4 Ng6 14. Bd2 Bxd2 15. Ncxd2 f5 16. Qe1 b5 17. Nb3 Ndf4 18. Qe3 Bb7 19. Nc5 Bd5 20. g3 Nh3+ 21. Kg2 Ng5 22. Be2 f4 23. Qd3 e5 24. Qd1 e4 25. Nxg5 f3+ 26. Nxf3 exf3+ 27. Kg1 fxe2 28. Qxe2 Bc4 29. Nd3 Qxd4 0-1

[Event "IRL-ch"]
[Site "Dublin"]
[Date "2018.08.09"]
[Round "6"]
[White "Daly, Colm"]
[Black "Manojlovic, Mihailo"]
[Result "1-0"]
[WhiteElo "2329"]
[BlackElo "1988"]
[PlyCount "109"]
[EventDate "2018.08.04"]
[EventType "swiss"]
[EventRounds "9"]
[EventCountry "IRL"]
[SourceTitle "CBM 185 Extra"]
[Source "ChessBase"]
[SourceDate "2018.07.29"]
[SourceVersion "1"]
[SourceVersionDate "2018.07.29"]
[SourceQuality "1"]

1. d4 Nf6 2. c4 g6 3. Nc3 Bg7 4. e4 d6 5. Nf3 0-0 6. Be2 e5 7. 0-0 Nc6 8. d5 Ne7 9. a4 Nd7 10. a5 f5 11. b4 Nf6 12. Nd2 f4 13. g4 Qd7 14. f3 g5 15. Rf2 h5 16. h3 Kf7 17. Rh2 Rh8 18. Nf1 Ng6 19. Bd2 Qe7 20. Be1 Rh6 21. Ra2 Bd7 22. Bf2 Qf8 23. c5 Qh8 24. a6 b6 25. cxd6 cxd6 26. Bb5 hxg4 27. hxg4 Rxh2 28. Nxh2 Qh3 29. Bxd7 Nxd7 30. Nb5 Ke7 31. Qf1 Qxf1+ 32. Nxf1 Nf6 33. Nd2 Ne8 34. Kf1 Nf8 35. Ke2 Nd7 36. Rc2 Kd8 37. Kd3 Bf8 38. Nc4 Ke7 39. Bg1 Kd8 40. Rh2 Nc7 41. Nxc7 Kxc7 42. Rh7 Kd8 43. Na3 Nb8 44. b5 Nd7 45. Nc2 Rc8 46. Nb4 Rc1 47. Nc6+ Ke8 48. Bf2 Rb1 49. Nxa7 Rb3+ 50. Ke2 Rb2+ 51. Kf1 Rb1+ 52. Kg2 Rb2 53. Nc6 Ra2 54. a7 Nc5 55. Rc7 1-0

[Event "Bunratty Masters op 25th"]
[Site "Bunratty"]
[Date "2018.02.25"]
[Round "5"]
[White "Li, Henry"]
[Black "Manojlovic, Mihailo"]
[Result "1-0"]
[WhiteElo "2191"]
[BlackElo "2055"]
[PlyCount "47"]
[EventDate "2018.02.23"]
[EventType "swiss"]
[EventRounds "6"]
[EventCountry "IRL"]
[SourceTitle "CBM 183 Extra"]
[Source "ChessBase"]
[SourceDate "2018.04.19"]
[SourceVersion "1"]
[SourceVersionDate "2018.04.19"]
[SourceQuality "1"]

1. e4 e6 2. d4 d5 3. Nc3 Bb4 4. e5 c5 5. a3 Bxc3+ 6. bxc3 Ne7 7. Qg4 cxd4 8. Bd3 Qc7 9. Ne2 dxc3 10. Qxg7 Rg8 11. Qxh7 Qxe5 12. Bf4 Qf6 13. h4 Nbc6 14. Bg5 Qe5 15. f4 Qc7 16. h5 e5 17. h6 Rf8 18. Qg7 e4 19. h7 exd3 20. Qxf8+ Kxf8 21. h8Q+ Ng8 22. Qxg8+ Kxg8 23. Bf6 d2+ 24. Kd1 1-0

[Event "EU-Cup 33rd"]
[Site "Antalya"]
[Date "2017.10.10"]
[Round "3.2"]
[White "Manojlovic, Mihailo"]
[Black "Ronka, Erik"]
[Result "0-1"]
[WhiteElo "1982"]
[BlackElo "2287"]
[PlyCount "80"]
[EventDate "2017.10.08"]
[EventType "team-swiss"]
[EventRounds "7"]
[EventCountry "TUR"]
[SourceTitle "CBM 181"]
[Source "ChessBase"]
[SourceDate "2017.11.10"]
[SourceVersion "1"]
[SourceVersionDate "2017.11.10"]
[SourceQuality "1"]
[WhiteTeam "Benildus"]
[BlackTeam "Etela Vantaan"]
[WhiteTeamCountry "IRL"]
[BlackTeamCountry "FIN"]

1. e4 c6 2. d4 d5 3. Nc3 dxe4 4. Nxe4 Bf5 5. Ng3 Bg6 6. Nf3 Nd7 7. Bd3 e6 8. 0-0 Ngf6 9. c4 Be7 10. Bf4 0-0 11. Bxg6 hxg6 12. Qe2 a5 13. Rfd1 Re8 14. Rac1 a4 15. Ne5 Bf8 16. Rc3 Qa5 17. Nxd7 Nxd7 18. Re3 g5 19. Be5 f6 20. Ne4 fxe5 21. dxe5 Nxe5 22. Nxg5 Nf7 23. Nxe6 Re7 24. c5 Rae8 25. Qc4 Qb5 26. Qg4 Qxb2 27. f4 Nh6 28. Qh3 Qf6 29. Rde1 Qf5 30. Qxf5 Nxf5 31. Re4 g6 32. g4 Ng7 33. Ng5 Rxe4 34. Rxe4 Bxc5+ 35. Kg2 Rxe4 36. Nxe4 Be7 37. Kg3 Kf7 38. h4 b5 39. g5 Ke6 40. Kg4 c5 0-1

[Event "Dublin Masters"]
[Site "Dublin"]
[Date "2016.09.10"]
[Round "3"]
[White "Pachalov, Alexsejus"]
[Black "Manojlovic, Mihailo"]
[Result "1-0"]
[WhiteElo "1951"]
[BlackElo "1773"]
[PlyCount "63"]
[EventDate "2016.09.08"]
[EventType "swiss"]
[EventRounds "5"]
[EventCountry "IRL"]
[SourceTitle "EXT 2023"]
[Source "ChessBase"]
[SourceDate "2022.10.05"]
[SourceVersion "1"]
[SourceVersionDate "2022.10.05"]
[SourceQuality "1"]

1. d4 Nf6 2. c4 g6 3. Nc3 Bg7 4. e4 d6 5. Be2 0-0 6. Be3 e5 7. d5 Nbd7 8. g4 Nc5 9. f3 c6 10. h4 cxd5 11. cxd5 Bd7 12. h5 b5 13. b4 Na6 14. Qb3 Nc7 15. h6 Bh8 16. Nh3 Nfe8 17. Nf2 Qb8 18. Nd3 a5 19. Kf2 a4 20. Qb2 f5 21. gxf5 gxf5 22. Bg5 fxe4 23. Nxe4 Nxd5 24. Rag1 Kf7 25. f4 exf4 26. Bh5+ Ke6 27. Qe2 Be5 28. Bg4+ Kf7 29. Nxe5+ dxe5 30. Bxd7 Qa7+ 31. Nc5 Nxb4 32. Be6+ 1-0